01492cam a2200373 a 4500090000600000001000900006005001700015008004100032010001700073020002500090020002500115035002400140035002100164040005600185050002300241070002300264082001900287100002200306245013900328246008300467260003500550300003400585504005100619650002900670650001800699650002400717700002000741700002200761856008300783856009100866942001200957999001700969952013200986 c01480448920080125084729.0070411s2007 enka b 001 0 eng  a 2007014316 a9780470061541 (hbk.) a9780470061558 (pbk.) a(OCoLC)ocn123079251 a(OCoLC)123079251 aDLCcDLCdBAKERdBTCTAdBWKUKdYDXCPdGZMdAGLdDLC00aTP248.3b.W47 20070 aTP248.3b.W47 200700a660.6222bWES1 aWesselingh, J. A.10aDesign and Development :cJ.A Wesselingh, Sàren Kiil, Martin E. Vigild.bOf biological, chemical, food and pharmaceutical products /14aDesign & development of biological, chemical, food and pharmaceutical products aEngland :bJohn Wiley,cc2007. axii, 297 p. :bill. ;c25 cm. aIncludes bibliographical references and index. 0aBiochemical engineering. 0aNew products. 0aDesign, Industrial.1 aKiil, Sèoren.1 aVigild, Martin E.413Table of contents onlyuhttp://www.loc.gov/catdir/toc/ecip0715/2007014316.html423Publisher descriptionuhttp://www.loc.gov/catdir/enhancements/fy0739/2007014316-d.html 2ddccBB c10502d10502 00102ddc40708AlahramaMAINbMAINc1STd2009-01-28epurchaseg420.00h6458l0o660.6 WESp000014368r2025-07-15 00:00:00yBB